Loading...
| Beliefs | 5 | 22.00 | 100% | 80% | 40% |
| Current Events | 1 | 20.00 | 100% | 100% | 0% |
| Fine Arts - Auditory Fine Arts | 2 | 20.00 | 50% | 100% | 50% |
| Fine Arts - Visual Fine Arts | 3 | 16.67 | 100% | 67% | 0% |
| Geography | 2 | 10.00 | 50% | 50% | 0% |
| History - American History | 3 | 23.33 | 100% | 100% | 33% |
| History - European History | 1 | 30.00 | 100% | 100% | 100% |
| History - World History | 4 | 25.00 | 100% | 100% | 50% |
| Literature - American Literature | 3 | 20.00 | 100% | 67% | 33% |
| Literature - British Literature | 1 | 20.00 | 100% | 0% | 100% |
| Literature - European Literature | 1 | 20.00 | 100% | 100% | 0% |
| Literature - World Literature | 1 | 20.00 | 100% | 0% | 100% |
| Other Arts: Auditory | 3 | 13.33 | 100% | 33% | 0% |
| Other Science: Computer Science | 1 | 0.00 | 0% | 0% | 0% |
| Other Science: Earth Science | 1 | 10.00 | 100% | 0% | 0% |
| Other Science: Math | 1 | 10.00 | 100% | 0% | 0% |
| Philosophy | 2 | 20.00 | 100% | 100% | 0% |
| Science - Biology | 3 | 6.67 | 67% | 0% | 0% |
| Science - Chemistry | 2 | 10.00 | 50% | 50% | 0% |
| Science - Physics | 3 | 16.67 | 100% | 33% | 33% |
| Social Science | 2 | 30.00 | 100% | 100% | 100% |
| 6 | 18.33 | 67% | 83% | 33% |